Celoživotné vzdelávanie ako spôsob života
Význam celoživotného vzdelávania. Dištančné vzdelávanie ako jeden z najvýhodnejších spôsobov vzdelávania dospelých. Význam kvality študijných materiálov. Získanie certifikátu a zlepšenie postavenia nositeľa certifikátu na trhu práce.
Salvato in:
| Autore principale: | |
|---|---|
| Natura: | Capitolo di libro |
| Lingua: | slovacco |
| Soggetti: | |
| Tags: |
Nessun Tag, puoi essere il primo ad aggiungerne!!
|
MARC
| LEADER | 00000nla$a2200000$$$4500 | ||
|---|---|---|---|
| 001 | 0094618 | ||
| 005 | 20240502072043.4 | ||
| 041 | 0 | |a slo | |
| 044 | |a SK | ||
| 245 | 1 | 0 | |a Celoživotné vzdelávanie ako spôsob života |c Ingrid Potisková |
| 520 | |a Význam celoživotného vzdelávania. Dištančné vzdelávanie ako jeden z najvýhodnejších spôsobov vzdelávania dospelých. Význam kvality študijných materiálov. Získanie certifikátu a zlepšenie postavenia nositeľa certifikátu na trhu práce. | ||
| 610 | 2 | 0 | |a vzdelávanie celoživotné |
| 610 | 2 | 0 | |a vzdelávanie dištančné |
| 610 | 2 | 0 | |a vzdelávanie dospelých |
| 610 | 2 | 0 | |a vedomosti |
| 610 | 2 | 0 | |a trh práce |
| 610 | 2 | 0 | |a certifikáty |
| 610 | 2 | 0 | |a certifikácia |
| 100 | 1 | |a Potisková, Ingrid | |